| 000 | 00346nam a2200097Ia 4500 | ||
|---|---|---|---|
| 008 | 171211s9999 xx 000 0 und d | ||
| 245 | _aDie Kraft der inneren Kampfkünste und des Chi. Kampf- und Energietechniken im Ba Gua, Tai Chi und Hsing-I | ||
| 260 | _c2008 | ||
| 650 | _xMartial Arts | ||
| 856 | _uhttp://down.ebook777.com/065/9783893855544.pdf | ||
| 999 |
_c348170 _d348170 |
||